<?xml version="1.0" encoding="UTF-8"?>
<collection xmlns="http://www.loc.gov/MARC21/slim">
<record>
  <controlfield tag="001">147719</controlfield>
  <controlfield tag="005">20241220131257.0</controlfield>
  <datafield tag="024" ind1="8" ind2=" ">
    <subfield code="2">sideral</subfield>
    <subfield code="a">141120</subfield>
  </datafield>
  <datafield tag="037" ind1=" " ind2=" ">
    <subfield code="a">ART-2024-141120</subfield>
  </datafield>
  <datafield tag="041" ind1=" " ind2=" ">
    <subfield code="a">spa</subfield>
  </datafield>
  <datafield tag="100" ind1=" " ind2=" ">
    <subfield code="a">Giralt Latorre, Javier</subfield>
    <subfield code="u">Universidad de Zaragoza</subfield>
    <subfield code="0">(orcid)0000-0002-5518-1123</subfield>
  </datafield>
  <datafield tag="245" ind1=" " ind2=" ">
    <subfield code="a">Lo que la toponimia esconde (en Aragón).</subfield>
  </datafield>
  <datafield tag="260" ind1=" " ind2=" ">
    <subfield code="c">2024</subfield>
  </datafield>
  <datafield tag="520" ind1="3" ind2=" ">
    <subfield code="a">Los topónimos siempre suscitan el deseo de conocer su significado, porque sabemos que estas palabras tienen un origen y una historia. Sin embargo, hay que proceder con cautela a la hora de estudiarlos, dado que en ocasiones pueden proponerse interpretaciones erróneas. Como en otros lugares de España, en Aragón existen topónimos que se identifican con palabras del castellano, aunque nada tienen que ver con ellas, ya que en su creación han intervenido factores que remiten a etimologías totalmente diferentes. En este trabajo, así se demuestra con los topónimos Alpartir, Atea, Codos, Contamina, Cosa, Escucha, Esposa, Guasa, Libros, Mozota, Nigüella, Pancrudo, Torrijas y Triste.

Place names typically awaken a desire in us to know their meaning, since we know that the origin of these words can be traced back in history. However, their study should be undertaken with a degree of caution because erroneous interpretations can sometimes be made. In Aragon, as in other regions of Spain, we find toponyms that are often associated with words in Castilian; yet, in practice, there is no connection, the factors intervening in their creation originating from totally different etymologies. The article illustrates this with reference to the following toponyms: Alpartir, Atea, Codos, Contamina, Cosa, Escucha, Esposa, Guasa, Libros, Mozota, Nigüella, Pancrudo, Torrijas and Triste</subfield>
  </datafield>
  <datafield tag="506" ind1="0" ind2=" ">
    <subfield code="a">Access copy available to the general public</subfield>
    <subfield code="f">Unrestricted</subfield>
  </datafield>
  <datafield tag="540" ind1=" " ind2=" ">
    <subfield code="9">info:eu-repo/semantics/openAccess</subfield>
    <subfield code="a">by</subfield>
    <subfield code="u">http://creativecommons.org/licenses/by/3.0/es/</subfield>
  </datafield>
  <datafield tag="655" ind1=" " ind2="4">
    <subfield code="a">info:eu-repo/semantics/article</subfield>
    <subfield code="v">info:eu-repo/semantics/publishedVersion</subfield>
  </datafield>
  <datafield tag="710" ind1="2" ind2=" ">
    <subfield code="1">3013</subfield>
    <subfield code="2">325</subfield>
    <subfield code="a">Universidad de Zaragoza</subfield>
    <subfield code="b">Dpto. Lingüíst.y Liter.Hispán.</subfield>
    <subfield code="c">Área Filología Catalana</subfield>
  </datafield>
  <datafield tag="773" ind1=" " ind2=" ">
    <subfield code="g">10 (2024), 125-167</subfield>
    <subfield code="p">Onomàstica</subfield>
    <subfield code="t">Onomàstica</subfield>
    <subfield code="x">2938-2904</subfield>
  </datafield>
  <datafield tag="856" ind1="4" ind2="1">
    <subfield code="u">https://raco.cat/index.php/Onomastica/article/view/433372</subfield>
    <subfield code="z">Texto completo de la revista</subfield>
  </datafield>
  <datafield tag="856" ind1="4" ind2=" ">
    <subfield code="s">2776627</subfield>
    <subfield code="u">http://zaguan.unizar.es/record/147719/files/texto_completo.pdf</subfield>
    <subfield code="y">Versión publicada</subfield>
  </datafield>
  <datafield tag="856" ind1="4" ind2=" ">
    <subfield code="s">1312299</subfield>
    <subfield code="u">http://zaguan.unizar.es/record/147719/files/texto_completo.jpg?subformat=icon</subfield>
    <subfield code="x">icon</subfield>
    <subfield code="y">Versión publicada</subfield>
  </datafield>
  <datafield tag="909" ind1="C" ind2="O">
    <subfield code="o">oai:zaguan.unizar.es:147719</subfield>
    <subfield code="p">articulos</subfield>
    <subfield code="p">driver</subfield>
  </datafield>
  <datafield tag="951" ind1=" " ind2=" ">
    <subfield code="a">2024-12-20-12:02:28</subfield>
  </datafield>
  <datafield tag="980" ind1=" " ind2=" ">
    <subfield code="a">ARTICLE</subfield>
  </datafield>
</record>
</collection>